Evolución de los salarios y dela productividad. (Registro nro. 15130)
[ vista simple ]
| 000 -LEADER | |
|---|---|
| fixed length control field | 00323 a2200109 4500 |
| 001 - CONTROL NUMBER | |
| control field | ART_17827 |
| 005 - DATE AND TIME OF LATEST TRANSACTION | |
| control field | 20260410161700.0 |
| 008 - FIXED-LENGTH DATA ELEMENTS--GENERAL INFORMATION | |
| fixed length control field | 260409a |
| 100 1# - MAIN ENTRY--PERSONAL NAME | |
| Personal name | Montuschi, Luisa |
| 245 10 - TITLE STATEMENT | |
| Title | Evolución de los salarios y dela productividad. |
| 773 0# - HOST ITEM ENTRY | |
| Title | Ensayos Económicos |
| Related parts | - Nº 19 (sep. 1981) |
| Record control number | REV620 |
No hay ítems disponibles.